dos 6 & 6.2 instant reference (Record no. 5641)

MARC details
000 -LEADER
fixed length control field 00522nam a2200169Ia 4500
003 - CONTROL NUMBER IDENTIFIER
control field SGT
020 ## - INTERNATIONAL STANDARD BOOK NUMBER
International Standard Book Number 81-7029-296-4
082 ## - DEWEY DECIMAL CLASSIFICATION NUMBER
Classification number 4
Item number THO
100 ## - MAIN ENTRY--PERSONAL NAME
Personal name Thomas,Robert M
245 ## - TITLE STATEMENT
Title dos 6 & 6.2 instant reference
250 ## - EDITION STATEMENT
Edition statement 2nd Ed.
260 ## - PUBLICATION, DISTRIBUTION, ETC. (IMPRINT)
Name of publisher, distributor, etc BPB Publications
Place of publication, distribution, etc New Delhi
Year of Publication 1994
300 ## - PAGE DESCRIPTION
No. of Pages 346p.
650 ## - SUBJECT ADDED ENTRY--TOPICAL TERM
Topical term or geographic name as entry element COMPUTER SCIENCE
653 ## - KEYWORDS--INDEX TERM
Keyword term GENERAL RULES FOR USING DOS, INSTALLING AND CONFIGURING DOS 6, THE DOS SHELL, DOS COMMANDS, CONFIG.SYS COMMANDS, USING BATCH FILES, ABOUT DOS VERSION6
942 ## - ADDED ENTRY ELEMENTS (KOHA)
Source of classification or shelving scheme Dewey Decimal Classification
Koha item type Books
Holdings
Withdrawn status Lost status Source of classification or shelving scheme Damaged status Not for loan Home library Current library Date acquired SGTU Total Checkouts Full call number Accession No. (Barcode) Date last seen Bill Date Koha item type
    Dewey Decimal Classification     SGT Engineering Library SGT Engineering Library 17/09/2013 SGTU   4 THO FE6195 09/02/2015 09/02/2015 Books